| 000 | 00625nam a2200229Ia 4500 | ||
|---|---|---|---|
| 008 | 160418s9999 xx 000 0 und d | ||
| 020 | _a971-08-7091-2 | ||
| 050 | _aFIL LB 2369 | ||
| 050 | _b.Z85 2010 | ||
| 100 | _aZulueta, Francisco M. | ||
| 245 | _aMethods of research thesis writing and applied statistics / | ||
| 245 | _cFrancisco M. Zulueta. | ||
| 260 | _aMandaluyong: | ||
| 260 | _bNational Book Store, | ||
| 260 | _c2010 | ||
| 300 | _a304 pages : | ||
| 300 | _billustrations ; | ||
| 300 | _c22 cm. | ||
| 650 | _aDissertation, Academic. | ||
| 650 | _aThesis writing. | ||
| 650 | _xResearch methods. | ||
| 999 |
_c293481 _d293481 |
||